000 00291nam a2200145Ia 4500
100 _aThai Thau/ LAM
942 _cBK
654 _a.net
245 _a.NET framework essentials
260 _bShroff Pub.
_c2001
082 _a4.65
_bTHA
300 _a304
546 _aENGLISH
999 _c32392
_d32392